[Event "Russian Blitz Championship (m)"]
[Site "Sochi"]
[Date "2022.10.14"]
[Round "11.16"]
[White "Khegay, Dmitriy"]
[Black "Bryakin, Mikhail"]
[Result "1-0"]
[BlackElo "2367"]
[WhiteElo "2457"]
[LiveChessVersion "1.4.8"]

1. d4 {[%clk 0:03:03]} d5 {[%clk 0:03:03]} 2. Nf3 {[%clk 0:03:04]} Nf6
{[%clk 0:03:03]} 3. c3 {[%clk 0:03:05]} Bf5 {[%clk 0:02:58]} 4. Qb3
{[%clk 0:03:06]} Qc8 {[%clk 0:02:56]} 5. c4 {[%clk 0:03:06]} e6 {[%clk 0:02:48]}
6. Nc3 {[%clk 0:03:06]} c6 {[%clk 0:02:47]} 7. Bf4 {[%clk 0:03:07]} Be7
{[%clk 0:02:46]} 8. e3 {[%clk 0:03:07]} O-O {[%clk 0:02:39]} 9. Be2
{[%clk 0:03:08]} h6 {[%clk 0:02:39]} 10. h3 {[%clk 0:03:09]} Nbd7
{[%clk 0:02:16]} 11. O-O {[%clk 0:03:09]} Nb6 {[%clk 0:02:13]} 12. c5
{[%clk 0:03:00]} Nbd7 {[%clk 0:02:15]} 13. Qd1 {[%clk 0:02:59]} Ne4
{[%clk 0:02:08]} 14. Nxe4 {[%clk 0:02:55]} Bxe4 {[%clk 0:02:08]} 15. b4
{[%clk 0:02:56]} Bf6 {[%clk 0:02:02]} 16. Bd6 {[%clk 0:02:57]} Re8
{[%clk 0:02:03]} 17. Ne5 {[%clk 0:02:57]} a6 {[%clk 0:02:01]} 18. a4
{[%clk 0:02:56]} Bxe5 {[%clk 0:01:52]} 19. dxe5 {[%clk 0:02:56]} Qd8
{[%clk 0:01:40]} 20. Qd4 {[%clk 0:02:53]} Qg5 {[%clk 0:01:39]} 21. f3
{[%clk 0:02:53]} Bg6 {[%clk 0:01:39]} 22. b5 {[%clk 0:02:46]} axb5
{[%clk 0:01:39]} 23. axb5 {[%clk 0:02:47]} Qf5 {[%clk 0:01:28]} 24. bxc6
{[%clk 0:02:27]} bxc6 {[%clk 0:01:30]} 25. Ba6 {[%clk 0:02:28]} f6
{[%clk 0:01:12]} 26. exf6 {[%clk 0:02:28]} Nxf6 {[%clk 0:00:59]} 27. Bb7
{[%clk 0:02:29]} e5 {[%clk 0:00:48]} 28. Qb2 {[%clk 0:01:54]} Rxa1
{[%clk 0:00:42]} 29. Rxa1 {[%clk 0:01:55]} Qd3 {[%clk 0:00:26]} 30. Qa3
{[%clk 0:01:53]} Qb5 {[%clk 0:00:22]} 31. Qa6 {[%clk 0:01:51]} Qb3
{[%clk 0:00:23]} 32. Bxc6 {[%clk 0:01:23]} Qxe3+ {[%clk 0:00:24]} 33. Kh1
{[%clk 0:01:24]} Rd8 {[%clk 0:00:17]} 34. Be7 {[%clk 0:01:18]} Rb8
{[%clk 0:00:05]} 35. Bxf6 {[%clk 0:01:18]} gxf6 {[%clk 0:00:04]} 36. Bxd5+
{[%clk 0:01:19]} 1-0

[Event "Russian Blitz Championship (m)"]
[Site "Sochi"]
[Date "2022.10.14"]
[Round "11.17"]
[White "Averin, Nikolay"]
[Black "Obgolts, Erik"]
[Result "0-1"]
[BlackElo "2407"]
[WhiteElo "2268"]
[LiveChessVersion "1.4.8"]

1. e4 {[%clk 0:03:04]} c5 {[%clk 0:03:03]} 2. Nf3 {[%clk 0:03:05]} e6
{[%clk 0:03:04]} 3. d4 {[%clk 0:03:06]} cxd4 {[%clk 0:03:05]} 4. Nxd4
{[%clk 0:03:07]} Nf6 {[%clk 0:03:06]} 5. Nc3 {[%clk 0:03:08]} Nc6
{[%clk 0:03:07]} 6. Ndb5 {[%clk 0:03:10]} Bc5 {[%clk 0:03:08]} 7. Bf4
{[%clk 0:03:10]} O-O {[%clk 0:03:08]} 8. Bc7 {[%clk 0:03:11]} Qe7
{[%clk 0:03:09]} 9. Bd6 {[%clk 0:03:12]} Bxd6 {[%clk 0:03:09]} 10. Qxd6
{[%clk 0:03:13]} Qd8 {[%clk 0:03:10]} 11. Nc7 {[%clk 0:03:12]} Rb8
{[%clk 0:03:05]} 12. Be2 {[%clk 0:03:13]} b5 {[%clk 0:03:05]} 13. e5
{[%clk 0:03:11]} b4 {[%clk 0:03:03]} 14. exf6 {[%clk 0:02:50]} bxc3
{[%clk 0:03:04]} 15. fxg7 {[%clk 0:02:51]} Kxg7 {[%clk 0:03:05]} 16. b3
{[%clk 0:02:52]} Qf6 {[%clk 0:02:43]} 17. Rd1 {[%clk 0:02:38]} Rb6
{[%clk 0:02:02]} 18. O-O {[%clk 0:02:04]} Qe5 {[%clk 0:01:50]} 19. Qxe5+
{[%clk 0:01:24]} Nxe5 {[%clk 0:01:51]} 20. Nb5 {[%clk 0:01:25]} Ba6
{[%clk 0:01:42]} 21. a4 {[%clk 0:00:58]} d5 {[%clk 0:01:09]} 22. f4
{[%clk 0:00:41]} Ng6 {[%clk 0:00:50]} 23. f5 {[%clk 0:00:39]} Ne5
{[%clk 0:00:45]} 24. fxe6 {[%clk 0:00:33]} Bxb5 {[%clk 0:00:39]} 25. axb5
{[%clk 0:00:23]} fxe6 {[%clk 0:00:38]} 26. Rxf8 {[%clk 0:00:23]} Kxf8
{[%clk 0:00:39]} 27. Rd4 {[%clk 0:00:18]} Ke7 {[%clk 0:00:36]} 28. Rh4
{[%clk 0:00:17]} Kd6 {[%clk 0:00:33]} 29. Rxh7 {[%clk 0:00:17]} d4
{[%clk 0:00:34]} 30. Rxa7 {[%clk 0:00:10]} d3 {[%clk 0:00:33]} 31. Bxd3
{[%clk 0:00:11]} Nxd3 {[%clk 0:00:34]} 32. cxd3 {[%clk 0:00:12]} Rxb5
{[%clk 0:00:26]} 33. Kf2 {[%clk 0:00:07]} Rxb3 {[%clk 0:00:23]} 34. Ra1
{[%clk 0:00:07]} Kd5 {[%clk 0:00:23]} 35. h4 {[%clk 0:00:05]} Kd4
{[%clk 0:00:23]} 36. h5 {[%clk 0:00:06]} c2 {[%clk 0:00:19]} 37. Rc1
{[%clk 0:00:04]} Kxd3 {[%clk 0:00:20]} 38. h6 {[%clk 0:00:04]} Kd2
{[%clk 0:00:13]} 39. Rxc2+ {[%clk 0:00:04]} Kxc2 {[%clk 0:00:14]} 40. g4
{[%clk 0:00:06]} Rh3 {[%clk 0:00:15]} 41. g5 {[%clk 0:00:06]} Rh5
{[%clk 0:00:16]} 42. Kf3 {[%clk 0:00:05]} Rxg5 {[%clk 0:00:16]} 43. Kf4
{[%clk 0:00:05]} Rh5 0-1

[Event "Russian Blitz Championship (m)"]
[Site "Sochi"]
[Date "2022.10.14"]
[Round "11.18"]
[White "Kukhmazov, Arsen"]
[Black "Uskov, Artem"]
[Result "0-1"]
[BlackElo "2276"]
[WhiteElo "2395"]
[LiveChessVersion "1.4.8"]

1. d4 {[%clk 0:03:03]} Nf6 {[%clk 0:03:02]} 2. c4 {[%clk 0:03:05]} e6
{[%clk 0:03:03]} 3. Nf3 {[%clk 0:03:06]} d5 {[%clk 0:03:04]} 4. g3
{[%clk 0:03:07]} dxc4 {[%clk 0:03:02]} 5. Bg2 {[%clk 0:03:09]} Nc6
{[%clk 0:02:58]} 6. Qa4 {[%clk 0:03:02]} Bd7 {[%clk 0:02:08]} 7. Qxc4
{[%clk 0:03:01]} Bd6 {[%clk 0:02:09]} 8. O-O {[%clk 0:02:57]} O-O
{[%clk 0:02:05]} 9. Nc3 {[%clk 0:02:58]} Qe7 {[%clk 0:02:00]} 10. e4
{[%clk 0:02:56]} e5 {[%clk 0:02:01]} 11. Bg5 {[%clk 0:02:57]} Nxd4
{[%clk 0:01:30]} 12. Nxd4 {[%clk 0:02:58]} exd4 {[%clk 0:01:30]} 13. Nd5
{[%clk 0:02:59]} Qe6 {[%clk 0:01:27]} 14. Bxf6 {[%clk 0:02:53]} gxf6
{[%clk 0:01:27]} 15. Qxd4 {[%clk 0:02:54]} Be5 {[%clk 0:01:28]} 16. Qd2
{[%clk 0:02:56]} c6 {[%clk 0:01:24]} 17. Ne3 {[%clk 0:02:56]} Qe7
{[%clk 0:01:24]} 18. Rad1 {[%clk 0:01:47]} Rfd8 {[%clk 0:01:21]} 19. Qe2
{[%clk 0:01:48]} Be6 {[%clk 0:01:18]} 20. b3 {[%clk 0:01:49]} Bd4
{[%clk 0:01:13]} 21. Bf3 {[%clk 0:01:36]} Qc5 {[%clk 0:01:03]} 22. Ng4
{[%clk 0:01:02]} Kg7 {[%clk 0:00:51]} 23. Rc1 {[%clk 0:00:48]} Qg5
{[%clk 0:00:41]} 24. h4 {[%clk 0:00:44]} Qg6 {[%clk 0:00:42]} 25. Kg2
{[%clk 0:00:44]} f5 {[%clk 0:00:41]} 26. exf5 {[%clk 0:00:33]} Bxf5
{[%clk 0:00:41]} 27. Rfd1 {[%clk 0:00:28]} c5 {[%clk 0:00:33]} 28. Ne3
{[%clk 0:00:28]} Re8 {[%clk 0:00:24]} 29. Nxf5+ {[%clk 0:00:25]} Qxf5
{[%clk 0:00:25]} 30. Qd3 {[%clk 0:00:16]} Qf6 {[%clk 0:00:19]} 31. Rc2
{[%clk 0:00:12]} Rad8 {[%clk 0:00:18]} 32. Qc4 {[%clk 0:00:06]} b6
{[%clk 0:00:15]} 33. b4 {[%clk 0:00:07]} Re5 {[%clk 0:00:15]} 34. bxc5
{[%clk 0:00:06]} bxc5 {[%clk 0:00:16]} 35. Rd3 {[%clk 0:00:06]} Rde8
{[%clk 0:00:16]} 36. Qa4 {[%clk 0:00:05]} R8e7 {[%clk 0:00:16]} 37. Rcd2
{[%clk 0:00:05]} Re1 38. Rd1 R1e2 {[%clk 0:00:13]} 39. R3d2 {[%clk 0:00:07]} R2e5
{[%clk 0:00:11]} 40. Qc4 {[%clk 0:00:08]} Rf5 {[%clk 0:00:12]} 41. Rd3
{[%clk 0:00:09]} Rfe5 {[%clk 0:00:05]} 42. R3d2 {[%clk 0:00:10]} Re1
{[%clk 0:00:06]} 43. Rxe1 {[%clk 0:00:10]} Rxe1 {[%clk 0:00:07]} 44. Qd5
{[%clk 0:00:12]} Re5 {[%clk 0:00:07]} 45. Qb7 {[%clk 0:00:08]} Re7
{[%clk 0:00:08]} 46. Qd5 {[%clk 0:00:09]} h6 {[%clk 0:00:08]} 47. a4
{[%clk 0:00:09]} Re5 {[%clk 0:00:08]} 48. Qb7 {[%clk 0:00:10]} Rf5
{[%clk 0:00:09]} 49. a5 {[%clk 0:00:10]} a6 {[%clk 0:00:10]} 50. Re2
{[%clk 0:00:11]} c4 51. Re4 {[%clk 0:00:08]} h5 {[%clk 0:00:07]} 52. Re8
{[%clk 0:00:05]} c3 {[%clk 0:00:07]} 53. Qc8 {[%clk 0:00:07]} Rxf3
{[%clk 0:00:07]} 54. Rg8+ {[%clk 0:00:08]} Kh7 {[%clk 0:00:08]} 55. Rg5
{[%clk 0:00:05]} Rxf2+ 56. Kh3 Qe6+ {[%clk 0:00:09]} 0-1

[Event "Russian Blitz Championship (m)"]
[Site "Sochi"]
[Date "2022.10.14"]
[Round "11.19"]
[White "Drygalov, Andrey"]
[Black "Dashko, Andrey"]
[Result "1-0"]
[BlackElo "2195"]
[WhiteElo "2498"]
[LiveChessVersion "1.4.8"]

1. e4 {[%clk 0:03:02]} c5 {[%clk 0:03:04]} 2. Nf3 {[%clk 0:03:03]} e6
{[%clk 0:03:05]} 3. d4 {[%clk 0:03:04]} cxd4 4. Nxd4 {[%clk 0:03:05]} a6
{[%clk 0:03:08]} 5. c4 {[%clk 0:03:06]} Qc7 {[%clk 0:03:09]} 6. Nc3
{[%clk 0:03:07]} Nf6 {[%clk 0:03:10]} 7. a3 {[%clk 0:03:09]} Nc6 {[%clk 0:03:10]}
8. Be2 {[%clk 0:03:08]} Be7 {[%clk 0:03:11]} 9. O-O {[%clk 0:03:07]} O-O
{[%clk 0:03:11]} 10. Be3 {[%clk 0:03:08]} d6 {[%clk 0:03:12]} 11. Rc1
{[%clk 0:03:09]} Nxd4 {[%clk 0:02:55]} 12. Bxd4 {[%clk 0:03:07]} Bd7
{[%clk 0:02:56]} 13. f3 {[%clk 0:03:04]} Rac8 {[%clk 0:02:55]} 14. Qd2
{[%clk 0:03:05]} Qb8 {[%clk 0:02:48]} 15. b4 {[%clk 0:02:29]} Rfd8
{[%clk 0:02:32]} 16. Rfd1 {[%clk 0:02:29]} Be8 {[%clk 0:02:32]} 17. Bb6
{[%clk 0:02:23]} Rd7 {[%clk 0:02:31]} 18. Qe3 {[%clk 0:02:17]} h6
{[%clk 0:02:13]} 19. Na4 {[%clk 0:01:55]} Rc6 {[%clk 0:01:39]} 20. Bd4
{[%clk 0:01:31]} e5 21. Bb2 {[%clk 0:01:23]} Nh5 {[%clk 0:01:11]} 22. Rb1
{[%clk 0:01:16]} Nf4 {[%clk 0:01:09]} 23. Bf1 {[%clk 0:01:16]} Bg5
{[%clk 0:01:10]} 24. Qf2 {[%clk 0:01:14]} Ne6 {[%clk 0:01:05]} 25. Nc3
{[%clk 0:01:15]} Bd8 {[%clk 0:00:43]} 26. Nd5 {[%clk 0:01:11]} Nc7
{[%clk 0:00:38]} 27. Kh1 {[%clk 0:00:51]} Nxd5 {[%clk 0:00:29]} 28. exd5
{[%clk 0:00:52]} Rc8 {[%clk 0:00:31]} 29. f4 {[%clk 0:00:42]} exf4
{[%clk 0:00:11]} 30. Qxf4 {[%clk 0:00:42]} Bg5 {[%clk 0:00:13]} 31. Qg3
{[%clk 0:00:40]} g6 {[%clk 0:00:13]} 32. Qc3 {[%clk 0:00:35]} f6 {[%clk 0:00:11]}
33. Qg3 {[%clk 0:00:35]} h5 {[%clk 0:00:08]} 34. Bd3 {[%clk 0:00:34]} Kh7
{[%clk 0:00:07]} 35. h4 {[%clk 0:00:32]} Bh6 {[%clk 0:00:08]} 36. Bxf6
{[%clk 0:00:33]} Rdc7 {[%clk 0:00:07]} 37. Qxd6 {[%clk 0:00:31]} Bf7
{[%clk 0:00:07]} 38. Rf1 {[%clk 0:00:28]} Re8 {[%clk 0:00:07]} 39. Be5
{[%clk 0:00:27]} Bf8 {[%clk 0:00:03]} 40. Rxf7+ {[%clk 0:00:26]} 1-0

[Event "Russian Blitz Championship (m)"]
[Site "Sochi"]
[Date "2022.10.14"]
[Round "11.20"]
[White "Dzhumagaliev, Yan"]
[Black "Shcherbin, Matvei"]
[Result "1/2-1/2"]
[BlackElo "2308"]
[WhiteElo "2507"]
[LiveChessVersion "1.4.8"]

1. Nf3 {[%clk 0:03:03]} Nf6 {[%clk 0:03:03]} 2. h4 {[%clk 0:03:04]} d5
{[%clk 0:03:04]} 3. h5 {[%clk 0:03:06]} h6 {[%clk 0:03:05]} 4. d4
{[%clk 0:03:07]} e6 {[%clk 0:02:52]} 5. c4 {[%clk 0:03:07]} b6 {[%clk 0:02:53]}
6. cxd5 {[%clk 0:03:07]} exd5 {[%clk 0:02:54]} 7. Bf4 {[%clk 0:03:04]} Bd6
{[%clk 0:02:53]} 8. g3 {[%clk 0:03:04]} Bb7 {[%clk 0:02:45]} 9. Nc3
{[%clk 0:03:01]} a6 {[%clk 0:02:40]} 10. e3 {[%clk 0:03:01]} Qe7 {[%clk 0:02:39]}
11. a3 {[%clk 0:02:56]} Nbd7 {[%clk 0:02:40]} 12. Nh4 {[%clk 0:02:46]} Bxf4
{[%clk 0:02:12]} 13. Nf5 {[%clk 0:02:45]} Qf8 {[%clk 0:02:01]} 14. gxf4
{[%clk 0:02:43]} O-O-O {[%clk 0:01:56]} 15. Rc1 {[%clk 0:02:03]} g6
{[%clk 0:01:53]} 16. Ng3 {[%clk 0:01:39]} Qd6 {[%clk 0:01:18]} 17. Bd3
{[%clk 0:01:18]} Nxh5 {[%clk 0:01:06]} 18. Nxh5 {[%clk 0:01:17]} gxh5
{[%clk 0:01:08]} 19. Qxh5 {[%clk 0:01:16]} Nf6 {[%clk 0:01:09]} 20. Qe2
{[%clk 0:01:10]} b5 {[%clk 0:00:57]} 21. a4 {[%clk 0:01:01]} b4 {[%clk 0:00:56]}
22. Nb1 {[%clk 0:01:01]} Rdg8 {[%clk 0:00:47]} 23. Nd2 {[%clk 0:00:59]} h5
{[%clk 0:00:46]} 24. Nf3 {[%clk 0:00:59]} Nd7 {[%clk 0:00:35]} 25. Ng5
{[%clk 0:00:45]} Rg7 {[%clk 0:00:36]} 26. Rxh5 {[%clk 0:00:44]} Re8
{[%clk 0:00:33]} 27. b3 {[%clk 0:00:32]} Kb8 {[%clk 0:00:25]} 28. Nf3
{[%clk 0:00:30]} f6 {[%clk 0:00:26]} 29. Kd2 {[%clk 0:00:24]} Rg2
{[%clk 0:00:24]} 30. Nh4 {[%clk 0:00:24]} Rgg8 {[%clk 0:00:25]} 31. Nf5
{[%clk 0:00:24]} Qe6 {[%clk 0:00:26]} 32. Rh7 {[%clk 0:00:22]} Rd8 33. Kc2
{[%clk 0:00:17]} c5 {[%clk 0:00:16]} 34. Kb2 {[%clk 0:00:13]} c4 {[%clk 0:00:08]}
35. bxc4 {[%clk 0:00:14]} dxc4 {[%clk 0:00:09]} 36. Rxc4 {[%clk 0:00:13]} a5
{[%clk 0:00:10]} 37. Re7 {[%clk 0:00:09]} Qb6 {[%clk 0:00:11]} 38. Be4
{[%clk 0:00:06]} Bxe4 39. Rxe4 {[%clk 0:00:07]} Rg2 {[%clk 0:00:08]} 40. d5
{[%clk 0:00:07]} Nc5 {[%clk 0:00:07]} 41. Ne7 {[%clk 0:00:04]} Rxf2
{[%clk 0:00:05]} 42. Qxf2 {[%clk 0:00:03]} Nd3+ {[%clk 0:00:06]} 43. Kb3
{[%clk 0:00:05]} Nxf2 {[%clk 0:00:07]} 44. Nc6+ {[%clk 0:00:06]} Ka8
{[%clk 0:00:07]} 45. Nxd8 {[%clk 0:00:04]} Nxe4 {[%clk 0:00:07]} 46. Rc8+
{[%clk 0:00:04]} Ka7 {[%clk 0:00:09]} 47. Nc6+ {[%clk 0:00:06]} Kb7
{[%clk 0:00:04]} 48. Rb8+ {[%clk 0:00:07]} Kc7 {[%clk 0:00:06]} 49. Rxb6 Kxb6 50.
Ne7 {[%clk 0:00:06]} Kc5 {[%clk 0:00:08]} 51. Kb2 {[%clk 0:00:05]} Kd6
{[%clk 0:00:06]} 52. Nc6 {[%clk 0:00:06]} Kxd5 {[%clk 0:00:06]} 53. Nxa5
{[%clk 0:00:07]} Nc5 {[%clk 0:00:07]} 54. Nb3 {[%clk 0:00:04]} Nxa4+
{[%clk 0:00:08]} 55. Kc2 {[%clk 0:00:06]} Ke4 {[%clk 0:00:09]} 56. Kd2
{[%clk 0:00:06]} Nc3 {[%clk 0:00:10]} 57. Nc5+ {[%clk 0:00:07]} Kd5
{[%clk 0:00:11]} 58. Nd3 {[%clk 0:00:07]} Ke4 {[%clk 0:00:12]} 59. Nxb4
{[%clk 0:00:08]} Nb1+ {[%clk 0:00:11]} 60. Ke2 {[%clk 0:00:07]} Nc3+
{[%clk 0:00:13]} 61. Kd2 {[%clk 0:00:08]} Nb1+ {[%clk 0:00:14]} 62. Kc2
{[%clk 0:00:08]} Kxe3 {[%clk 0:00:15]} 1/2-1/2

[Event "Russian Blitz Championship (m)"]
[Site "Sochi"]
[Date "2022.10.14"]
[Round "12.1"]
[White "Artemiev, Vladislav"]
[Black "Zakhartsov, Vladimir"]
[Result "0-1"]
[BlackElo "2492"]
[WhiteElo "2832"]
[LiveChessVersion "1.4.8"]

1. Nf3 {[%clk 0:03:00]} g6 {[%clk 0:03:02]} 2. d4 {[%clk 0:02:58]} Bg7
{[%clk 0:03:03]} 3. e4 {[%clk 0:02:59]} d6 {[%clk 0:03:04]} 4. Nc3
{[%clk 0:02:59]} a6 {[%clk 0:03:05]} 5. h3 {[%clk 0:02:47]} Nd7 {[%clk 0:03:04]}
6. Be3 {[%clk 0:02:42]} b5 {[%clk 0:03:02]} 7. Bd3 {[%clk 0:02:39]} Bb7
{[%clk 0:03:02]} 8. a4 {[%clk 0:02:37]} b4 {[%clk 0:02:43]} 9. Ne2
{[%clk 0:02:37]} c5 {[%clk 0:02:41]} 10. c3 {[%clk 0:02:35]} Ngf6
{[%clk 0:02:29]} 11. Ng3 {[%clk 0:02:30]} bxc3 {[%clk 0:02:11]} 12. bxc3
{[%clk 0:02:31]} cxd4 {[%clk 0:02:12]} 13. cxd4 {[%clk 0:02:31]} e5
{[%clk 0:01:58]} 14. d5 {[%clk 0:02:21]} Nc5 {[%clk 0:01:49]} 15. O-O
{[%clk 0:02:15]} Nfd7 {[%clk 0:01:45]} 16. Qe2 {[%clk 0:01:40]} O-O
{[%clk 0:01:43]} 17. Nd2 {[%clk 0:01:40]} h5 {[%clk 0:01:37]} 18. Rfc1
{[%clk 0:01:05]} h4 {[%clk 0:01:31]} 19. Ngf1 {[%clk 0:01:02]} f5
{[%clk 0:01:32]} 20. Rab1 {[%clk 0:01:03]} Bc8 {[%clk 0:01:26]} 21. Nh2
{[%clk 0:00:52]} Nxd3 {[%clk 0:01:04]} 22. Qxd3 {[%clk 0:00:52]} f4
{[%clk 0:01:05]} 23. Nc4 {[%clk 0:00:43]} fxe3 {[%clk 0:01:04]} 24. Qxe3
{[%clk 0:00:44]} Nf6 {[%clk 0:00:47]} 25. Rb6 {[%clk 0:00:26]} Ne8
{[%clk 0:00:48]} 26. Nf3 {[%clk 0:00:26]} Rf4 {[%clk 0:00:38]} 27. Rc6
{[%clk 0:00:21]} Bd7 {[%clk 0:00:37]} 28. Nb6 {[%clk 0:00:20]} Bxc6
{[%clk 0:00:26]} 29. dxc6 {[%clk 0:00:21]} Rb8 {[%clk 0:00:26]} 30. Nd5
{[%clk 0:00:18]} Rf7 {[%clk 0:00:24]} 31. Qd3 {[%clk 0:00:12]} Nc7
{[%clk 0:00:23]} 32. Ne3 {[%clk 0:00:07]} Bh6 {[%clk 0:00:22]} 33. Rd1
{[%clk 0:00:08]} Bxe3 {[%clk 0:00:21]} 34. Qxe3 {[%clk 0:00:09]} Qf6
{[%clk 0:00:18]} 35. Nh2 {[%clk 0:00:08]} Qf4 {[%clk 0:00:17]} 36. Qe2
{[%clk 0:00:08]} Ne6 {[%clk 0:00:18]} 37. Ng4 {[%clk 0:00:09]} Kg7
{[%clk 0:00:11]} 38. Qc4 {[%clk 0:00:08]} Nc5 {[%clk 0:00:10]} 39. Qd5
{[%clk 0:00:06]} Rd8 {[%clk 0:00:08]} 40. f3 {[%clk 0:00:04]} Qg5
{[%clk 0:00:07]} 41. Kh1 {[%clk 0:00:05]} Qe7 {[%clk 0:00:06]} 42. Qc4
{[%clk 0:00:04]} Qc7 {[%clk 0:00:07]} 43. Qc1 {[%clk 0:00:04]} Rh8
{[%clk 0:00:07]} 44. Qc4 {[%clk 0:00:03]} Qxc6 {[%clk 0:00:06]} 45. a5
{[%clk 0:00:04]} Qc7 {[%clk 0:00:07]} 46. Qd5 {[%clk 0:00:04]} Qe7
{[%clk 0:00:07]} 47. Qc6 {[%clk 0:00:05]} Rb8 {[%clk 0:00:07]} 48. Rxd6
{[%clk 0:00:04]} Qg5 {[%clk 0:00:05]} 49. Rd1 {[%clk 0:00:03]} Nd3
{[%clk 0:00:05]} 50. Qc3 {[%clk 0:00:03]} Nf4 {[%clk 0:00:05]} 51. Re1
{[%clk 0:00:03]} Re8 {[%clk 0:00:05]} 52. Qc6 {[%clk 0:00:04]} Re6
{[%clk 0:00:06]} 53. Qc4 {[%clk 0:00:05]} Rd6 {[%clk 0:00:06]} 54. Qc3
{[%clk 0:00:06]} Re7 {[%clk 0:00:07]} 55. Rb1 {[%clk 0:00:06]} Ne2
{[%clk 0:00:06]} 56. Qc8 {[%clk 0:00:07]} Red7 {[%clk 0:00:05]} 57. Qc2
{[%clk 0:00:05]} Rd2 {[%clk 0:00:06]} 58. Qb3 {[%clk 0:00:04]} Qf4
{[%clk 0:00:06]} 59. Qa4 {[%clk 0:00:03]} Ng3+ {[%clk 0:00:06]} 60. Kg1
{[%clk 0:00:04]} Ne2+ {[%clk 0:00:07]} 61. Kh1 {[%clk 0:00:05]} Qg3
{[%clk 0:00:07]} 62. Qc6 {[%clk 0:00:03]} Rd1+ {[%clk 0:00:07]} 0-1

[Event "Russian Blitz Championship (m)"]
[Site "Sochi"]
[Date "2022.10.14"]
[Round "12.3"]
[White "Smirnov, Pavel"]
[Black "Dobrov, Vladimir"]
[Result "1/2-1/2"]
[BlackElo "2575"]
[WhiteElo "2467"]
[LiveChessVersion "1.4.8"]

1. d4 {[%clk 0:03:03]} Nf6 {[%clk 0:03:04]} 2. c4 {[%clk 0:03:05]} e6
{[%clk 0:03:05]} 3. Nf3 {[%clk 0:03:05]} d5 {[%clk 0:03:02]} 4. Nc3
{[%clk 0:03:06]} Bb4 {[%clk 0:03:02]} 5. Bg5 {[%clk 0:03:07]} h6 {[%clk 0:03:00]}
6. Bxf6 {[%clk 0:03:07]} Qxf6 {[%clk 0:03:01]} 7. e3 {[%clk 0:03:08]} c6
{[%clk 0:02:27]} 8. Rc1 {[%clk 0:02:57]} O-O {[%clk 0:02:27]} 9. Bd3
{[%clk 0:02:56]} Nd7 {[%clk 0:02:22]} 10. Qb3 {[%clk 0:02:38]} Bd6
{[%clk 0:02:18]} 11. O-O {[%clk 0:02:38]} Qe7 {[%clk 0:02:11]} 12. e4
{[%clk 0:02:23]} dxc4 {[%clk 0:02:12]} 13. Bxc4 e5 14. d5 {[%clk 0:02:18]} Nb6
{[%clk 0:02:08]} 15. dxc6 {[%clk 0:02:10]} bxc6 {[%clk 0:02:09]} 16. Be2
{[%clk 0:02:11]} Bg4 {[%clk 0:01:55]} 17. Rfd1 {[%clk 0:01:58]} 1/2-1/2

[Event "Russian Blitz Championship (m)"]
[Site "Sochi"]
[Date "2022.10.14"]
[Round "12.4"]
[White "Triapishko, Alexandr"]
[Black "Sjugirov, Sanan"]
[Result "1-0"]
[BlackElo "2609"]
[WhiteElo "2479"]
[LiveChessVersion "1.4.8"]

1. Nf3 {[%clk 0:03:03]} Nf6 {[%clk 0:03:03]} 2. g3 {[%clk 0:03:03]} c5
{[%clk 0:03:03]} 3. c4 {[%clk 0:02:53]} d5 {[%clk 0:02:59]} 4. cxd5
{[%clk 0:02:38]} Nxd5 {[%clk 0:03:00]} 5. Bg2 {[%clk 0:02:39]} Nc6
{[%clk 0:02:56]} 6. d4 {[%clk 0:02:31]} cxd4 {[%clk 0:02:11]} 7. Nxd4
{[%clk 0:02:31]} Ndb4 {[%clk 0:02:12]} 8. Nxc6 {[%clk 0:02:18]} Qxd1+
{[%clk 0:02:12]} 9. Kxd1 {[%clk 0:02:18]} Nxc6 {[%clk 0:02:13]} 10. Bxc6+ bxc6
11. Be3 {[%clk 0:02:10]} e5 {[%clk 0:01:56]} 12. Nd2 {[%clk 0:01:58]} Be6
{[%clk 0:01:38]} 13. f3 {[%clk 0:01:29]} a5 {[%clk 0:01:28]} 14. Kc2
{[%clk 0:01:03]} a4 {[%clk 0:01:23]} 15. Rhc1 {[%clk 0:00:53]} Rb8
{[%clk 0:01:08]} 16. a3 {[%clk 0:00:16]} Be7 {[%clk 0:01:07]} 17. Kb1
{[%clk 0:00:17]} Kd7 {[%clk 0:00:39]} 18. Ne4 {[%clk 0:00:13]} Rb3
{[%clk 0:00:40]} 19. Nc5+ {[%clk 0:00:06]} Bxc5 {[%clk 0:00:40]} 20. Bxc5
{[%clk 0:00:07]} Rhb8 {[%clk 0:00:40]} 21. Rd1+ {[%clk 0:00:07]} Ke8
{[%clk 0:00:38]} 22. Rd2 {[%clk 0:00:08]} Bf5+ {[%clk 0:00:22]} 23. Kc1
{[%clk 0:00:04]} R8b5 {[%clk 0:00:22]} 24. Bb4 {[%clk 0:00:04]} e4
{[%clk 0:00:18]} 25. Bc3 {[%clk 0:00:04]} f6 {[%clk 0:00:18]} 26. Rd4
{[%clk 0:00:04]} e3 {[%clk 0:00:09]} 27. Rxa4 {[%clk 0:00:03]} c5
{[%clk 0:00:04]} 28. Rf4 {[%clk 0:00:03]} Bg6 {[%clk 0:00:04]} 29. Kd1
{[%clk 0:00:04]} Kd7 {[%clk 0:00:03]} 30. a4 {[%clk 0:00:05]} Rb8
{[%clk 0:00:04]} 31. Ke1 {[%clk 0:00:06]} Kc6 {[%clk 0:00:05]} 32. a5
{[%clk 0:00:06]} Ra8 {[%clk 0:00:06]} 33. g4 {[%clk 0:00:05]} Rb7
{[%clk 0:00:06]} 34. h4 {[%clk 0:00:05]} h6 {[%clk 0:00:07]} 35. Kf1
{[%clk 0:00:06]} Rd7 {[%clk 0:00:06]} 36. Rfa4 {[%clk 0:00:04]} Kb5
{[%clk 0:00:06]} 37. a6 {[%clk 0:00:05]} Rda7 {[%clk 0:00:06]} 38. Ra5+
{[%clk 0:00:05]} Kb6 {[%clk 0:00:08]} 39. b4 {[%clk 0:00:06]} Bf7 40. bxc5+ Kc6
1-0

[Event "Russian Blitz Championship (m)"]
[Site "Sochi"]
[Date "2022.10.14"]
[Round "12.5"]
[White "Savchenko, Boris"]
[Black "Alekseev, Evgeny"]
[Result "1-0"]
[BlackElo "2579"]
[WhiteElo "2530"]
[LiveChessVersion "1.4.8"]

1. c4 {[%clk 0:03:02]} c5 {[%clk 0:03:03]} 2. Nf3 {[%clk 0:03:00]} Nc6
{[%clk 0:03:04]} 3. d4 {[%clk 0:02:55]} cxd4 {[%clk 0:03:04]} 4. Nxd4
{[%clk 0:02:56]} Qb6 {[%clk 0:03:04]} 5. Nc2 {[%clk 0:02:52]} Nf6
{[%clk 0:02:58]} 6. Nc3 {[%clk 0:02:52]} e6 {[%clk 0:02:57]} 7. e4
{[%clk 0:02:50]} Be7 {[%clk 0:02:50]} 8. Qe2 {[%clk 0:02:48]} d6 {[%clk 0:02:39]}
9. g4 {[%clk 0:02:38]} a6 {[%clk 0:02:28]} 10. g5 {[%clk 0:02:31]} Nd7
{[%clk 0:02:29]} 11. h4 {[%clk 0:02:19]} Qc7 {[%clk 0:02:25]} 12. Be3
{[%clk 0:02:11]} b6 {[%clk 0:02:19]} 13. O-O-O {[%clk 0:02:09]} Bb7
{[%clk 0:02:19]} 14. Kb1 {[%clk 0:02:04]} Rc8 {[%clk 0:02:12]} 15. f4
{[%clk 0:01:38]} Na5 {[%clk 0:01:59]} 16. b3 {[%clk 0:01:17]} b5 {[%clk 0:01:48]}
17. Bd4 {[%clk 0:01:08]} Rg8 {[%clk 0:00:59]} 18. cxb5 {[%clk 0:00:50]} axb5
{[%clk 0:00:30]} 19. Nxb5 {[%clk 0:00:50]} Qb8 {[%clk 0:00:28]} 20. Ba7
{[%clk 0:00:46]} Qa8 {[%clk 0:00:30]} 21. Bg2 {[%clk 0:00:44]} Ba6
{[%clk 0:00:13]} 22. Nxd6+ {[%clk 0:00:33]} Bxd6 {[%clk 0:00:14]} 23. Qxa6
{[%clk 0:00:33]} Bc5 {[%clk 0:00:14]} 24. e5 {[%clk 0:00:22]} Nc6
{[%clk 0:00:14]} 25. Rxd7 {[%clk 0:00:18]} Kxd7 {[%clk 0:00:12]} 26. Qd3+
{[%clk 0:00:17]} Ke8 {[%clk 0:00:05]} 27. Bxc5 {[%clk 0:00:18]} Nxe5
{[%clk 0:00:06]} 28. Qb5+ {[%clk 0:00:18]} 1-0